| 000 | 00000nam##2200000za#4500 |
| 001 | 9.641583 |
| 003 | CaOODSP |
| 005 | 20210624223305 |
| 007 | cr ||||||||||| |
| 008 | 150407|1966||||xxc|||||o f|0| 0 fre|d |
| 040 | |aCaOODSP|bfre |
| 043 | |an-cn--- |
| 086 | 1 |aA53-1103/1966F-PDF |
| 110 | 1 |aCanada.|bAgriculture Canada. |bDirection générale de recherche. |
| 245 | 10|aEnracinement des boutures en couches par nébulisation / |h[ressource électronique]|c[par] Stuart H. Nelson. |
| 260 | |aOttawa - Ontario : |bAgriculture Canada. |c1966. |
| 300 | |a16p.|bill., photographies |
| 500 | |aPublication historique numérisée par Agriculture et Agroalimentaire Canada. |
| 590 | |a13-17-Supp|b2013-07-25 |
| 691 | 07|aPlante|2gcpds |
| 691 | 07|aHorticulture|2gcpds |
| 691 | 07|aIrrigation|2gcpds |
| 775 | 08|tMist beds for rooting cuttings / |w(CaOODSP)9.698222 |
| 856 | 40|ahttp://publications.gc.ca|qPDF|s1.15 Mo|uhttps://publications.gc.ca/collections/collection_2013/aac-aafc/agrhist/A53-1103-1966-fra.pdf |
| 986 | |a1103 |